• AIU
  • Tony Wilmot Memorial Library

Wina'am Gbaun : Nonaar paal (New Testame. (Record no. 40159)

MARC details
000 -LEADER
fixed length control field 00769nam a22002291a 4500
003 - CONTROL NUMBER IDENTIFIER
control field OSt
005 - DATE AND TIME OF LATEST TRANSACTION
control field 20110718133202.0
008 - FIXED-LENGTH DATA ELEMENTS--GENERAL INFORMATION
fixed length control field 091005s1996 001 0 eng d
020 ## - INTERNATIONAL STANDARD BOOK NUMBER
Terms of availability 0.00
040 ## - CATALOGING SOURCE
Original cataloging agency NEGST Library - Kenya
Language of cataloging DL:C
Transcribing agency DLC
Modifying agency DC
050 #4 - LIBRARY OF CONGRESS CALL NUMBER
Classification number REF BS 325.K87 1996
100 1# - MAIN ENTRY--PERSONAL NAME
Personal name Bible League.
9 (RLIN) 7959
245 10 - TITLE STATEMENT
Title Wina'am Gbaun : Nonaar paal (New Testame.
260 ## - PUBLICATION, DISTRIBUTION, ETC. (IMPRINT)
Name of publisher, distributor, etc Bible League in cooperat,
Date of publication, distribution, etc 1996.
300 ## - PHYSICAL DESCRIPTION
Extent 569 p. : ill., m.
500 ## - GENERAL NOTE
General note "The New Testament [in] the Kusaal language." - T.p. verso. [Africana]
600 10 - SUBJECT ADDED ENTRY--PERSONAL NAME
Personal name Kusaal language - Texts.
9 (RLIN) 7960
600 10 - SUBJECT ADDED ENTRY--PERSONAL NAME
Personal name Bible. N.T. Kusaal. 1996.
9 (RLIN) 7961
700 1# - ADDED ENTRY--PERSONAL NAME
Personal name Ghana Institute of Linguistics, Literacy.
9 (RLIN) 7962
942 ## - ADDED ENTRY ELEMENTS (KOHA)
Source of classification or shelving scheme Library of Congress Classification
Koha item type Articles
Holdings
Withdrawn status Lost status Source of classification or shelving scheme Damaged status Not for loan Collection code Home library Current library Shelving location Date acquired Source of acquisition Cost, normal purchase price Total Checkouts Full call number Barcode Date last seen Price effective from Koha item type
    Library of Congress Classification     Reference AIU/NEGST - Tony Wilmot Memorial Library AIU/NEGST - Tony Wilmot Memorial Library Reference 10/05/2009 donation 4.00   REF BS 325.K87 1996 R36581K3232 09/26/2019 10/05/2009 Reference